000 01607nam a2200361 a 4500
001 ebr10630562
003 CaPaEBR
006 m u
007 cr cn|||||||||
008 110504s2012 enkad sf 001 0 eng d
010 _z 2011018728
020 _z9781444335675 (pbk.)
020 _z9781444346930 (e-book)
040 _aCaPaEBR
_cCaPaEBR
035 _a(OCoLC)778957085
050 1 4 _aRC112
_b.C626 2012eb
082 0 4 _a616.9
_223
245 0 0 _aCommunicable disease control and health protection handbook
_h[electronic resource] /
_cJeremy Hawker ... [et al.].
250 _a3rd ed.
260 _aChichester, West Sussex, U.K. :
_bWiley-Blackwell,
_c2012.
300 _axiii, 440 p. :
_bill.
500 _aRev. ed. of: Communicable disease control handbook. 2nd ed. c2005.
500 _aIncludes index.
505 0 _asection 1. Introduction -- section 2. Common topics -- section 3. Diseases -- section 4. Services and organisations -- section 5. Communicable disease control in Europe.
533 _aElectronic reproduction.
_bPalo Alto, Calif. :
_cebrary,
_d2011.
_nAvailable via World Wide Web.
_nAccess may be limited to ebrary affiliated libraries.
650 0 _aCommunicable diseases
_vHandbooks, manuals, etc.
650 0 _aCommunicable diseases
_xPrevention
_vHandbooks, manuals, etc.
655 7 _aElectronic books.
_2local
700 1 _aHawker, Jeremy.
710 2 _aebrary, Inc.
730 0 _aCommunicable disease control handbook.
856 4 0 _uhttp://site.ebrary.com/lib/rucke/Doc?id=10630562
_zAn electronic book accessible through the World Wide Web; click to view
999 _c71506
_d71506